| 000 | 00980nam a2200277 a 4500 | ||
|---|---|---|---|
| 001 | 000016081 | ||
| 003 | OSt | ||
| 005 | 20201104101712.0 | ||
| 008 | 100225s2007 dr 001 0 spa d | ||
| 020 | _a9789993458500 | ||
| 040 |
_aDO-SdBNP _bspa _cBNPHU |
||
| 082 |
_a345.729305 _bG633j |
||
| 100 | 1 |
_aGómez Geraldino, Alexis A. _936063 |
|
| 245 | 1 | 3 |
_aLa jurisprudencia en el código procesal penal dominicano / _cAlexis A. Gómez Geraldino. |
| 260 |
_aSanto Domingo : _bCentenario, _c2007. |
||
| 300 |
_a503 p. ; _c24 cm. |
||
| 500 | _aIncluye datos biográficos del autor en la contracubierta. | ||
| 590 | _aInventariado,2018/DG | ||
| 650 | 4 |
_aJurisprudencia _zRepública Dominicana _921317 |
|
| 650 | 4 |
_aDerecho penal _xLegislación _zRepública Dominicana _916570 |
|
| 650 | 4 |
_aProcedimiento penal _zRepública Dominicana _914474 |
|
| 650 | 4 |
_aLeyes _zRepública Dominicana _93033 |
|
| 910 | _aValidado. Control de calidad EMS. | ||
| 942 |
_2ddc _cLBS1 |
||
| 956 | _aVMateo | ||
| 999 |
_c15622 _d15622 |
||